PHARMACEUTICAL DOSAGE FORM :DISPERSE SYSTEM VOL- 1 (Record no. 8219)

MARC details
000 -LEADER
fixed length control field 00511nam a22001817a 4500
005 - DATE AND TIME OF LATEST TRANSACTION
control field 20230130150932.0
008 - FIXED-LENGTH DATA ELEMENTS--GENERAL INFORMATION
fixed length control field 230125b |||||||| |||| 00| 0 eng d
020 ## - INTERNATIONAL STANDARD BOOK NUMBER
ISBN 978-1-3856960-7
041 ## - LANGUAGE CODE
Language code of text/sound track or separate title eng
082 ## - DEWEY DECIMAL CLASSIFICATION NUMBER
Classification number 615.1 LIE-P
100 ## - MAIN ENTRY--AUTHOR NAME
Personal name LIEBERMAN,HERBERT A. ,RIGER, MARTIN M. AND BANKER , GILBERT S.
245 ## - TITLE STATEMENT
Title PHARMACEUTICAL DOSAGE FORM :DISPERSE SYSTEM VOL- 1
250 ## - EDITION STATEMENT
Edition statement 2nd ed.
260 ## - PUBLICATION, DISTRIBUTION, ETC. (IMPRINT)
Name of publisher CBS PUBLICATIONS
300 ## - PHYSICAL DESCRIPTION
Number of Pages 532;P.
650 ## - SUBJECT ADDED ENTRY--TOPICAL TERM
Topical Term PHARMACY
General subdivision B.PHARMA
942 ## - ADDED ENTRY ELEMENTS (KOHA)
Koha item type Books
Holdings
Lost status Damaged status Collection code Home library Current library Shelving location Date acquired Source of acquisition Cost, normal purchase price Full call number Accession Number Koha item type
    Reference JRU Library JRU Library SHELF-3-A 21/01/2023 LOHIA BOOK INTERNATIONAL 16995.00 615.1 LIE-P 27418 Books
    PHARMACY JRU Library JRU Library SHELF-19-F 21/01/2023 LOHIA BOOK INTERNATIONAL 16995.00 615.1 LIE-P 27419 Books
    PHARMACY JRU Library JRU Library SHELF-19-F 21/01/2023 LOHIA BOOK INTERNATIONAL 16995.00 615.1 LIE-P 27420 Books
    PHARMACY JRU Library JRU Library SHELF-19-F 21/01/2023 LOHIA BOOK INTERNATIONAL 16995.00 615.1 LIE-P 27421 Books
    PHARMACY JRU Library JRU Library SHELF-19-F 21/01/2023 LOHIA BOOK INTERNATIONAL 16995.00 615.1 LIE-P 27422 Books